Pokemon Weak to Themselves - Statistics

General Stats
  • This quiz has been taken 13 times
    2 since last reset
  • The average score is 10 of 234
Answer Stats
Gen Answer % Correct
I Butterfree
100%
I Geodude
100%
I Golem
100%
I Graveler
100%
VII Dawn Wings Necrozma
50%
I Dragonair
50%
I Dragonite (+ Mega)
50%
VI Hoopa Confined
50%
VII Lunala
50%
I Mega Charizard X
50%
I Nidoking
50%
I Nidoqueen
50%
I Paras
50%
I Parasect
50%
VII Ultra Necrozma
50%
VI Zygarde (+ Forms)
50%
VI Aegislash
0%
I Aerodactyl (+ Mega)
0%
I Alolan Diglett
0%
I Alolan Dugtrio
0%
I Alolan Exeggutor
0%
I Alolan Marowak
0%
III Altaria (+ Mega)
0%
VI Amaura
0%
IX Annihilape
0%
III Anorith
0%
VIII Appletun
0%
VIII Applin
0%
IV Arceus (Dragon + Ghost Forms)
0%
V Archen
0%
V Archeops
0%
IX Arctibax
0%
III Armaldo
0%
VI Aurorus
0%
V Axew
0%
III Bagon
0%
III Banette (+ Mega)
0%
VIII Basculegion
0%
IX Baxcalibur (+ Mega)
0%
III Beautifly
0%
VII Bewear
0%
VII Blacephalon
0%
IX Brambleghast
0%
IX Bramblin
0%
VIII Calyrex Shadow Rider
0%
III Camerupt (+ Mega)
0%
VIII Carkol
0%
IX Ceruledge
0%
V Chandelure (+ Mega)
0%
IX Clodsire
0%
VIII Coalossal
0%
V Cobalion
0%
V Cofagrigus
0%
IV Combee
0%
VII Crabominable (+ Mega)
0%
V Crustle
0%
VIII Cursola
0%
IX Cyclizar
0%
VII Dartrix
0%
VII Decidueye
0%
V Deino
0%
VII Dhelmise
0%
IX Dipplin
0%
VIII Dottler
0%
VI Doublade
0%
VIII Dracovish
0%
VIII Dracozolt
0%
VI Dragalge (+ Mega)
0%
VIII Dragapult
0%
VIII Drakloak
0%
VII Drampa (+ Mega)
0%
I Dratini
0%
VIII Dreepy
0%
IV Drifblim
0%
IV Drifloon
0%
V Druddigon
0%
III Dusclops
0%
IV Dusknoir
0%
III Duskull
0%
V Dwebble
0%
VIII Eternatus (+ Eternamax)
0%
V Excadrill (+ Mega)
0%
IX Flamigo
0%
VIII Flapple
0%
IX Flutter Mane
0%
III Flygon
0%
V Fraxure
0%
IX Frigibax
0%
V Frillish
0%
IV Froslass (+ Mega)
0%
IV Gabite
0%
II Galarian Corsola
0%
I Galarian Zapdos
0%
IV Garchomp (+ Megas)
0%
I Gastly
0%
I Gengar (+ Mega)
0%
IX Gholdengo
0%
IV Gible
0%
IX Gimmighoul
0%
IV Giratina (+ Origin Form)
0%
V Golett
0%
V Golurk (+ Mega)
0%
VI Goodra
0%
VI Goomy
0%
IX Gouging Fire
0%
VI Gourgeist
0%
IX Greavard
0%
VIII Grimmsnarl
0%
VII Guzzlord
0%
VII Hakamo-o
0%
I Haunter
0%
VI Hawlucha (+ Mega)
0%
V Haxorus
0%
I Hisuian Arcanine
0%
VI Hisuian Avalugg
0%
I Hisuian Growlithe
0%
II Hisuian Typhlosion
0%
VI Honedge
0%
II Hoppip
0%
IX Houndstone
0%
IX Hydrapple
0%
V Hydreigon
0%
VIII Impidimp
0%
IX Iron Treads
0%
IX Iron Valiant
0%
VII Jangmo-o
0%
V Jellicent
0%
II Jumpluff
0%
II Kingdra
0%
VIII Kleavor
0%
VII Kommo-o
0%
IX Koraidon
0%
V Kyurem (+ Forms)
0%
V Lampent
0%
II Larvitar
0%
III Latias (+ Mega)
0%
III Latios (+ Mega)
0%
V Leavanny
0%
II Ledian
0%
II Ledyba
0%
V Litwick
0%
IX Lokix
0%
IV Lucario (+ Megas)
0%
II Magcargo
0%
VII Marshadow
0%
III Masquerain
0%
II Mega Ampharos
0%
VI Mega Barbaracle
0%
II Mega Feraligatr
0%
IV Mega Lopunny
0%
I Mega Pinsir
0%
III Mega Sceptile
0%
IV Mega Staraptor
0%
V Meloetta (Pirouette Form)
0%
VII Mimikyu
0%
VII Minior
0%
IX Miraidon
0%
II Misdreavus
0%
IV Mismagius
0%
VIII Morgrem
0%
IV Mothim
0%
VII Naganadel
0%
III Ninjask
0%
VI Noibat
0%
VI Noivern
0%
III Numel
0%
I Onix
0%
VIII Orbeetle
0%
VII Oricorio Sensu
0%
II Paldean Wooper
0%
IV Palkia (+ Origin Form)
0%
VII Palossand
0%
VI Pangoro
0%
IX Pecharunt
0%
VI Phantump
0%
IX Poltchageist
0%
VIII Polteageist
0%
III Primal Groudon
0%
VI Pumpkaboo
0%
II Pupitar
0%
IX Rabsca
0%
IX Raging Bolt
0%
III Rayquaza (+ Mega)
0%
VIII Regidrago
0%
V Reshiram
0%
I Rhydon
0%
I Rhyhorn
0%
IV Rhyperior
0%
IX Roaring Moon
0%
IV Rotom (+ Forms)
0%
VII Rowlet
0%
VIII Runerigus
0%
III Salamence (+ Mega)
0%
VII Sandygast
0%
IX Sandy Shocks
0%
V Scrafty (+ Mega)
0%
V Scraggy
0%
I Scyther
0%
V Sewaddle
0%
IV Shaymin Sky
0%
III Shedinja
0%
III Shelgon
0%
II Shuckle
0%
III Shuppet
0%
VII Silvally (Dragon + Ghost Forms)
0%
IX Sinistcha
0%
VIII Sinistea
0%
IX Skeledirge
0%
II Skiploom
0%
VI Sliggoo
0%
VIII Spectrier
0%
II Steelix (+ Mega)
0%
VII Stufful
0%
V Stunfisk (+ Galarian Form)
0%
V Swadloon
0%
IX Tatsugiri (+ Mega)
0%
V Terrakion
0%
VI Trevenant
0%
III Tropius
0%
VII Turtonator
0%
VI Tyrantrum
0%
VI Tyrunt
0%
VIII Urshifu Single Strike
0%
IV Vespiquen
0%
III Vibrava
0%
VI Vivillon
0%
IX Walking Wake
0%
IV Wormadam Plant Cloak
0%
V Yamask (+ Galarian Form)
0%
II Yanma
0%
IV Yanmega
0%
VIII Zamazenta Crowned
0%
V Zekrom
0%
V Zweilous
0%
No matching quizzes found
Score Distribution
Percent of People with Each Score
Percentile by Number Answered
Your Score History
You have not taken this quiz since the last reset